| 000 | 00945nam a2200253Ia 4500 | ||
|---|---|---|---|
| 003 | OSt | ||
| 005 | 20221005110943.0 | ||
| 006 | a|||||r|||| 00| 0 | ||
| 007 | ta | ||
| 008 | 221004b |||||||| |||| 00| 0 hin d | ||
| 024 | _a31964 | ||
| 037 | _cTextual | ||
| 040 |
_aCRL _cCRL _bhin |
||
| 041 |
_2hin _ahin |
||
| 082 | _aP152, N1 | ||
| 100 | _aरामप्रकाश | ||
| 245 | 0 |
_aमानक हिन्दी संकल्पना और संरचना _b व्यावहारिक हिन्दी |
|
| 246 | _aMānak hindī sankalpanā aur sanrachanā: vyāvahārik hindī | ||
| 260 |
_aनई दिल्ली _bराधाकृष्ण प्रकाशन प्रा. लिमिटेड भारत _c1991 |
||
| 300 |
_a93पृ. _ccm. |
||
| 650 | _aहिन्दी भाषा | ||
| 942 |
_hP152, N1 _cTEXL _2cc |
||
| 999 |
_c1020365 _d1020365 |
||